| 000 | 00604nam a2200193Ia 4500 | ||
|---|---|---|---|
| 001 | 46673 | ||
| 008 | 140429s9999 xx 000 0 und d | ||
| 020 | _aNA | ||
| 040 | _cPK-LaUMT | ||
| 082 |
_aRHC 891.4395 _bKHU- |
||
| 100 | _aKhalid Kamal Farooqi | ||
| 245 |
_aKhutbaat jalsah-e-taqseem-e-asnaad (convocation addresses) Jamia Millia Islamia Mustaqbil ki taraf _cKhalid Kamal Farooqi<>Shahid, Khawaja Muhammad |
||
| 260 |
_aNew Delhi,India: _bMaktaba Jamia, _c1995 |
||
| 300 | _a268 p. | ||
| 546 | _aUR | ||
| 650 | _aPakistani literature-Urdu | ||
| 700 | _aShahid, Khawaja Muhammad | ||
| 942 | _cBK | ||
| 999 |
_c44622 _d44622 |
||